Регионална библиотека "Любен Каравелов" - Русе

Творец на революционния опит, ръководител на съзидателния устрем (Запис номер 152268)

MARC детайли
000 -Лидер
Контролно поле с фиксирана дължина 02282nam a2200481 c 4500
003 - Код на организацията, давaща контролен номер
Контролно поле BLK
005 - Дата и час на последна редакция
Контролно поле 20240731163625.0
008 - Елементи от данни с фиксирана дължина
fixed length control field 180410b bul|||||r ||||||| ||bul||
010 ## - Наследен системен номер
LC control number KNG00158728000
040 ## - Източник на каталожния запис
Идентификатор на билиотеката - собственик на записа BLK
041 ## - Код за език
Код за езика на текст/звукозапис или на отделно заглавие Български
Код за езика КДБФ Български
072 #7 - Код за тематичната категория
Код организация bullib
Код за тематична категория К
Текст Краезнание
080 ## - УДК
Текстов определител УДК Комунистически партии. Вж и 327.323
УДК код - определител по УДК 329.15
УДК определител (497.215)БКП(084)
УДК - код + определител 329.15(497.215)БКП(084)
139 ## - Редно поле
Редна дума Иванов, Петър и др.
Авторски знак Иванов - И 21
245 10 - Сведения за заглавието
Заглавие Творец на революционния опит, ръководител на съзидателния устрем
Подзаглавни данни 90 г. Русенска парт. орг. 1896 - 1986 : Албум
Редно поле (дума) авт.-състав. Петър Иванов; авт.-състав. Надя Стоянова; авт.-състав. Румян Ганчев; ред. Петър Терзийски; худож. Тотю Данов; худож. Александър Хачатурян.
257 ## - Страна на издаване
Страна на създаване/издаване България
260 ## - Област на издателските данни
Име на издателя, разпространителя и проч. Партиздат
Година на издаване 1986
Печатница Русе : печ. Дунав
Място на издаване, разпространение и проч. София
300 ## - Физическа характеристика
Страници 168 с.
Илюстрации и др. с ил., портр., факс.
Размери/Мащаб 30 см
380 ## - Жанр
Жанр Обществени науки
500 ## - Общи забележки
Забележка Авт. не са отбелязани в библиогр. каре. - 2 700 тир.
650 #4 - Допълнително описание по предмет – тема
Основно описание – тема или топоним БКП - партийни организации
9 (RLIN) 331199
650 #4 - Допълнително описание по предмет – тема
Основно описание – тема или топоним БКП - Русе
9 (RLIN) 330920
651 #4 - Допълнително описание по предмет - топоним
Географско понятие България
9 (RLIN) 241624
651 #4 - Допълнително описание по предмет - топоним
Географско понятие Русе
9 (RLIN) 179462
653 ## - Ключова дума – ненормативна
Ключова дума БКП
653 ## - Ключова дума – ненормативна
Ключова дума история
653 ## - Ключова дума – ненормативна
Ключова дума партийни организации
653 ## - Ключова дума – ненормативна
Ключова дума Русе
659 ## - Тематичен бюлетин
Тематичен бюлетин К
700 1# - Други автори (авторска отговорност)
Лично име Иванов, Петър
9 (RLIN) 70999
700 ## - Други автори (авторска отговорност)
Лично име Стоянова, Надя Иванова
Пълна форма на името Стоянова, Надка Иванова
9 (RLIN) 331728
700 ## - Други автори (авторска отговорност)
Лично име Ганчев, Румян Стоилов
9 (RLIN) 273663
700 1# - Други автори (авторска отговорност)
Лично име Терзийски, Петър
Автороска отговорност (Описва отношението между автора и произведението) ред.
9 (RLIN) 331729
700 1# - Други автори (авторска отговорност)
Лично име Данов, Тотю
Автороска отговорност (Описва отношението между автора и произведението) худож.
9 (RLIN) 331730
700 1# - Други автори (авторска отговорност)
Лично име Хачатурян, Александър
Автороска отговорност (Описва отношението между автора и произведението) худож.
9 (RLIN) 317042
852 ## - Местоположение
Форматна сигнатура Цб II 26809
Фондова буква Хранилище
852 ## - Местоположение
Форматна сигнатура К 329 И 21
999 ## - СИСТЕМНИ КОНТРОЛНИ НОМЕРА
Koha biblionumber 152268
Koha biblioitemnumber 152268
942 ## - АРТИКУЛИ
Вид на библиотечния материал Книги
Скрит в OPAC Не
Периодичен библиозапис Да
944 ## - СЪЗДАВАНЕ И РЕДАКЦИЯ на ЗАПИСА
Създаване/Редакция Създаване
Дата на регистрацията/редакция 26.03.2014
Статус, дата на статуса Геновева Генчева
Служител, извършил регистрацията/редакцията 30560
944 ## - СЪЗДАВАНЕ И РЕДАКЦИЯ на ЗАПИСА
Създаване/Редакция Редакция
Дата на регистрацията/редакция 26.03.2014
Статус, дата на статуса 26.03.2014 - от С1,Р / 26.03.2014
999 ## - СИСТЕМНИ КОНТРОЛНИ НОМЕРА
Koha biblioitemnumber 152268
999 ## - СИСТЕМНИ КОНТРОЛНИ НОМЕРА
Koha biblioitemnumber 152268
Наличности
Код за отписване Код за изгубен артикул Източник на класификационната схема Код за повреда Коз за рестрикции Код за отдаване Артикулен № Име на библиотеката - собственик Име на библиотеката, в която се намира в момента Статус (Текущо местоположение) Дата на вписване в системата Местоположение - отдел Цена в лева Инвентарен номер Систематично азбучна сигнатура Баркод Номер на екземпляра Цена в евро Служебна бележка Служебен тип на артикула
  Не е изгубен Universal Decimal Classification Не е повреден без рестрикции ползва се в читалня 254325 Регионална библиотека "Любен Каравелов" Русе Регионална библиотека "Любен Каравелов" Русе Хранилище 1986-01-01 Хранилище 6.50 451076 Цб II 26809 120000451076 1 3.32 Дост: Dp Вид: Д N: Сф Дата: 01.01.1986 Книги
  Не е изгубен Universal Decimal Classification Не е повреден без рестрикции ползва се в читалня 254326 Регионална библиотека "Любен Каравелов" Русе Регионална библиотека "Любен Каравелов" Русе Краезнание 1986-01-01 Краезнание 6.50 451212 К 329/И 21 120000451212 2 3.32 N: Сф Дата: 01.01.1986 Дата инв: 13.11.2017 Бележки инв: К2017 Книги
  Не е изгубен Universal Decimal Classification Не е повреден без рестрикции ползва се в читалня 254327 Регионална библиотека "Любен Каравелов" Русе Регионална библиотека "Любен Каравелов" Русе Краезнание 1986-01-01 Краезнание 6.50 451213 К 329/И 21 120000451213 3 3.32 N: Сф Дата: 01.01.1986 Дата инв: 13.11.2017 Бележки инв: К2017 Книги
  Не е изгубен Universal Decimal Classification Не е повреден без рестрикции ползва се в читалня 254328 Регионална библиотека "Любен Каравелов" Русе Регионална библиотека "Любен Каравелов" Русе Краезнание 1986-01-01 Краезнание 6.50 451214 К 329/И 21 120000451214 4 3.32 N: Сф Дата: 01.01.1986 Дата инв: 13.11.2017 Бележки инв: К2017 Книги
Vip Innovations Ltd, Rousse, Bulgaria 2025